000 00910nam a2200337 a 4500
003 AR-BaBNM
005 20251128203655.0
008 082120s2002 ||||||||||||||000 | spa||
020 _a84-7100-231-0
040 _cAR-BaBNM
100 1 _aFisher, John R.
245 0 0 _aRelaciones económicas entre España y América hasta la independencia
250 _a1ª ed.
260 _aMadrid
_bMapfre
_c1991
300 _a280 p.
_bmapas, tablas
490 0 _aAmérica 92
_vv. 6
500 _aApéndices p. 261-270.
650 4 _aCOMERCIO
650 4 _aECONOMIA
650 4 _aHISTORIA ECONOMICA
650 4 _aHISTORIA SOCIAL
650 4 _aPERIODO HISPANICO
650 4 _aAGRICULTURA
650 4 _aMINERIA
651 4 _aEspaña
651 4 _aAmérica Latina
700 1 _aPardo de Santayana, Jesús
_etraductor
800 1 _aGallego, José Andrés
_ecoordinador
942 _cBK
998 _cmariana
999 _c4431
_d4431